Optimization (Record no. 13572)

000 -LEADER
fixed length control field 00580nam a22002177a 4500
001 - CONTROL NUMBER
control field 13572
003 - CONTROL NUMBER IDENTIFIER
control field BD-DhUET
008 - FIXED-LENGTH DATA ELEMENTS--GENERAL INFORMATION
fixed length control field 150303b xxu||||| |||| 00| 0 eng d
040 ## - CATALOGING SOURCE
Transcribing agency 0
Modifying agency BD-DhUET
082 ## - DEWEY DECIMAL CLASSIFICATION NUMBER
Classification number 660.284
Item number BEV/1970
100 ## - MAIN ENTRY--PERSONAL NAME
Personal name Beveridge, Gordon S. G.
245 ## - TITLE STATEMENT
Title Optimization
Remainder of title theory and practice
250 ## - EDITION STATEMENT
Edition statement 1st ed.
260 ## - PUBLICATION, DISTRIBUTION, ETC. (IMPRINT)
Place of publication, distribution, etc. London
Name of publisher, distributor, etc. McGraw-Hill
Date of publication, distribution, etc. 1970
300 ## - PHYSICAL DESCRIPTION
Extent xix, 773 p.
Other physical details ill.
490 ## - SERIES STATEMENT
Series statement McGraw-Hill chemical engineering series
504 ## - BIBLIOGRAPHY, ETC. NOTE
Bibliography, etc Includes bibliographies
650 #0 - SUBJECT ADDED ENTRY--TOPICAL TERM
Topical term or geographic name as entry element Optimization
700 ## - ADDED ENTRY--PERSONAL NAME
Personal name Schechter, Robert S.
942 ## - ADDED ENTRY ELEMENTS (KOHA)
Koha item type General Book
Holdings
Sublocation or collection (holding branch) Source of classification or shelving scheme Koha date last seen Location (home branch) Koha normalized classification for sorting Not for loan Copy number Price effective from Koha item type Shelving location Date acquired Koha full call number Damaged status Lost status Withdrawn status Piece designation (barcode)
Central Library, BUET 2015-03-03Central Library, BUET660_284000000000000_BEV_1970 12015-03-03General BookCirculation section2015-03-03660.284/BEV/1970   65468
Central Library, BUET 2015-03-04Central Library, BUET660_284000000000000_BEV_1970 22015-03-04General BookCirculation section2015-03-04660.284/BEV/1970   49358
Central Library, BUET 2015-07-13Central Library, BUET660_284000000000000_BEV_1970 12015-07-13General BookCirculation section2015-07-13660.284/BEV/1970   46557
Central Library, BUET 2021-04-03Central Library, BUET660_284000000000000_BEV_1970 32021-04-03General BookCirculation section1978-12-01660.284/BEV/1970   44490